Robotics (Record no. 1586)

MARC details
000 -LEADER
campo de control de longitud fija 00479nam a2200145 4500
008 - DATOS DE LONGITUD FIJA--INFORMACIÓN GENERAL
campo de control de longitud fija 735.230.47 R234r
020 ## - NÚMERO INTERNACIONAL ESTÁNDAR DEL LIBRO
Número Internacional Estándar del Libro 0965058352
082 ## - NÚMERO DE LA CLASIFICACIÓN DECIMAL DEWEY
Número de clasificación 735.230.47
Número de ítem R234r
100 ## - ENTRADA PRINCIPAL--NOMBRE DE PERSONA
Nombre de persona Rath, Alan
9 (RLIN) 6604
245 ## - MENCIÓN DEL TÍTULO
Título Robotics
260 ## - PUBLICACIÓN, DISTRIBUCIÓN, ETC.
Lugar de publicación, distribución, etc. Santa Fe, Nuevo México
Nombre del editor, distribuidor, etc. SITE Santa Fe
Fecha de publicación, distribución, etc. 1999
300 ## - DESCRIPCIÓN FÍSICA
Extensión 64 p.
Otras características físicas ill (col)
Dimensiones 23.5 x 29.5 cm
650 ## - PUNTO DE ACCESO ADICIONAL DE MATERIA--TÉRMINO DE MATERIA
Subdivisión general arte contemporáneo
-- arte - exhibiciones
-- arte - escultura
-- escultura cinética
-- Estados Unidos
9 (RLIN) 6605
700 ## - ENTRADA AGREGADA--NOMBRE PERSONAL
Nombre de persona Grachos, Louis (curaduría)
9 (RLIN) 6606
Holdings
Estatus retirado Estado de pérdida Fuente del sistema de clasificación o colocación Estado de daño No para préstamo Biblioteca de origen Biblioteca actual Ubicación en estantería Fecha de adquisición Total de préstamos Signatura topográfica completa Código de barras Visto por última vez Precio de reemplazo Tipo de ítem Koha
    Clasificación Decimal Dewey     Biblioteca LadoV Biblioteca LadoV   16/08/2018   735.230.47 R234r 000988 16/08/2018 16/08/2018 Material 01